000 00487nam a22001697a 4500
999 _c41280
_d41280
003 OSt
005 20210412150533.0
008 210412b ||||| |||| 00| 0 eng d
020 _a9788182717299
040 _coclc
082 _a297
_bQAR/V
100 _91792
_aQaradawi, Yusuful
245 _aVishvasavum Jeevithavum/
_cDr.Yusuful Qardavi
260 _aKozhikode:
_b Islamic Publishing House
300 _a312 pages
942 _2ddc
_cBK
_h297
_iQAR/V
_k297
_mQAR/V